Statistics for African Countries with more than 25 Million People

Click here to take the quiz!

General Stats

  • This quiz has been taken 81 times
    (39 since last reset)
  • The average score is 14 of 17

Answer Stats

DatePopulationCountry% Correct
198942 mAlgeria
97%
1958100 mEgypt
97%
197558 mSouth Africa
97%
1947200 mNigeria
95%
197886 mD.R.Congo
92%
199136 mMorocco
92%
1965110 mEthiopia
89%
199252 mKenya
89%
198961 mTanzania
89%
199642 mSudan
86%
201130 mGhana
78%
201531 mAngola
76%
200245 mUganda
76%
201131 mMozambique
73%
201825 mIvory Coast
70%
201925 mCameroon
68%
201627 mMadagascar
68%

Score Distribution

Percentile by Number Answered

Percent of People with Each Score

Your Score History

You have not taken this quiz since the last reset